مكتبة جامعة عجلون الوطنية

فهرس بحث المكتبة

اثر اساليب التفكير الاستراتيجي على ممارسات ادارة المواهب في شركات الادوية الاردنية: النظم الخبيرة كمتغير معدل = The Impact of Strategic Thinking on Talent Management Practices in Jordanian Pharmaceutical Companies, Expert Systems: as a Moderated Variable / (Record no. 32231)

MARC details
000 -LEADER
fixed length control field 01328nam a2200241Ii 4500
003 - CONTROL NUMBER IDENTIFIER
control field JO-AjNU
005 - DATE AND TIME OF LATEST TRANSACTION
control field 20240625114726.0
008 - FIXED-LENGTH DATA ELEMENTS--GENERAL INFORMATION
fixed length control field 230605s9999||||xx |||||||||||||| ||und||
040 ## - CATALOGING SOURCE
Original cataloging agency JO-AjNU
Language of cataloging ara
Description conventions rda
Transcribing agency JO-AjNU
041 ## - LANGUAGE CODE
Language code of text/sound track or separate title ara
050 14 - LIBRARY OF CONGRESS CALL NUMBER
Classification number HD9672.2022
100 #1 - MAIN ENTRY--PERSONAL NAME
Personal name العريان، رزان عبدالله محمد
Relator term معد
9 (RLIN) 65626
245 00 - TITLE STATEMENT
Title اثر اساليب التفكير الاستراتيجي على ممارسات ادارة المواهب في شركات الادوية الاردنية: النظم الخبيرة كمتغير معدل = The Impact of Strategic Thinking on Talent Management Practices in Jordanian Pharmaceutical Companies, Expert Systems: as a Moderated Variable /
Statement of responsibility, etc. اعداد رزان عبدالله محمد العريان؛ اشراف علي فلاح مفلح الزعبي
264 31 - PRODUCTION, PUBLICATION, DISTRIBUTION, MANUFACTURE, AND COPYRIGHT NOTICE
Place of production, publication, distribution, manufacture 2022
300 ## - PHYSICAL DESCRIPTION
Extent 151 ورقة
336 ## - CONTENT TYPE
Content type term text
Content type code txt
Source rdacontent
337 ## - MEDIA TYPE
Media type term unmediated
Media type code n
Source rdamedia
338 ## - CARRIER TYPE
Carrier type term volume
Carrier type code nc
Source rdacarrier
500 ## - GENERAL NOTE
General note سالة جامعية(اطروحة ماجستير) تخصص ادارة الاعمال/كلية ادارة الاعمال، جامعة عجلون الوطنية، 2022
650 #4 - SUBJECT ADDED ENTRY--TOPICAL TERM
Topical term or geographic name entry element شركات الادوية-ادارة-الاردن
9 (RLIN) 63218
700 #1 - ADDED ENTRY--PERSONAL NAME
Personal name الزعبي، علي فلاح مفلح
9 (RLIN) 59270
Relator term مشرف
942 ## - ADDED ENTRY ELEMENTS (KOHA)
Source of classification or shelving scheme Library of Congress Classification
Koha item type Thesis
Holdings
Withdrawn status Lost status Source of classification or shelving scheme Damaged status Not for loan Home library Current library Shelving location Date acquired Total Checkouts Full call number Barcode Date last seen Price effective from Koha item type
    Library of Congress Classification     مكتبة جامعة عجلون الوطنية مكتبة جامعة عجلون الوطنية المراجع 06/06/2023   HD9672.2022 A28663 06/06/2023 06/06/2023 Thesis
    Library of Congress Classification     مكتبة جامعة عجلون الوطنية مكتبة جامعة عجلون الوطنية   25/06/2024   HD9672.2022 a28662 25/06/2024 25/06/2024 Thesis